[Event "NATO Chess Championship 2010"]
[Site "Koege"]
[Date "2010.10.18"]
[Round "1.29"]
[White "Kapral, Krzysztof"]
[Black "Chwieseni, Ed"]
[Result "1-0"]
[WhiteElo "2127"]
[BlackElo "1800"]
[PlyCount "93"]
[EventDate "2010.??.??"]
[WhiteTeam "POL"]
[BlackTeam "UK"]

1. d4 d5 2. Nf3 Nf6 3. c4 Bf5 4. Nc3 e6 5. Bg5 Be7 6. Qb3 b6 7. Bxf6 Bxf6 8.
cxd5 exd5 9. Qxd5 Qxd5 10. Nxd5 Bd8 11. Nd2 c6 12. Nc3 Bc7 13. g3 Bd7 14. Bg2
Na6 15. Nb5 O-O 16. Nxc7 Nxc7 17. O-O Rad8 18. Rfc1 Ne6 19. e3 c5 20. d5 Nc7
21. Nc4 Bb5 22. Na3 Ba6 23. Rd1 Rd6 24. e4 f6 25. Bf1 Bb7 26. Nc4 Rdd8 27. Ne3
g6 28. a4 f5 29. d6 Ne8 30. e5 f4 31. Bc4+ Kg7 32. Nd5 fxg3 33. hxg3 Rf5 34. f4
g5 35. Ne7 Rf8 36. f5 Be4 37. f6+ Nxf6 38. exf6+ Rxf6 39. Re1 Bg6 40. Nxg6 Kxg6
41. Bd3+ Kh6 42. Re7 Kh5 43. d7 Rd6 44. Bf5 h6 45. Kf2 g4 46. Rg7 Rd4 47. Rh1#
1-0

[Event "NATO Chess Championship 2010"]
[Site "Koege"]
[Date "2010.10.18"]
[Round "1.30"]
[White "Kacevicius, Dangiras"]
[Black "van Run, Rieke"]
[Result "0-1"]
[WhiteElo "1730"]
[BlackElo "2120"]
[PlyCount "61"]
[EventDate "2010.??.??"]
[WhiteTeam "LTU"]
[BlackTeam "NED"]

1. d4 d5 2. Nf3 Nf6 3. e3 Bf5 4. c4 e6 5. Nc3 c6 6. Qb3 Qc7 7. c5 Nbd7 8. Be2
Be7 9. Nh4 Bg4 10. Bxg4 Nxg4 11. Nf3 e5 12. Qd1 e4 13. h3 exf3 14. hxg4 fxg2
15. Rg1 Qh2 16. Ne2 Nf6 17. f3 Nd7 18. Kd2 Bg5 19. Kc2 O-O-O 20. Bd2 Rde8 21.
f4 Bh4 22. Be1 Bxe1 23. Qxe1 Rxe3 24. Qf2 Rhe8 25. Rae1 Rxe2+ 26. Rxe2 Rxe2+
27. Qxe2 Qxg1 28. Qe8+ Kc7 29. Qxf7 Qxd4 30. Qe7 g1=Q 31. Qd6+ 0-1

[Event "NATO Chess Championship 2010"]
[Site "Koege"]
[Date "2010.10.18"]
[Round "1.31"]
[White "Krainski, Slawomir"]
[Black "Stuhr, Finn"]
[Result "1-0"]
[WhiteElo "2115"]
[BlackElo "1692"]
[PlyCount "81"]
[EventDate "2010.??.??"]
[WhiteTeam "POL"]
[BlackTeam "NATO"]

1. e4 e5 2. d4 exd4 3. Nf3 Nc6 4. Bc4 Nf6 5. e5 d5 6. Bb5 Ne4 7. Nxd4 Bd7 8.
Bxc6 bxc6 9. O-O Bc5 10. f3 Ng5 11. f4 Ne6 12. Be3 Qe7 13. c3 O-O 14. Nd2 f6
15. f5 fxe5 16. fxe6 exd4 17. cxd4 Qxe6 18. Qb3 Rab8 19. Rxf8+ Bxf8 20. Qxb8
Qxe3+ 21. Kh1 Qxd2 22. Rf1 Qb4 23. Qxc7 Qe7 24. Qxa7 Qe2 25. Rg1 Qg4 26. h3 Qf5
27. Qc7 Qe6 28. a4 Bd6 29. Qd8+ Be8 30. a5 c5 31. a6 Qd7 32. Qxd7 Bxd7 33. a7
Bc6 34. dxc5 Be5 35. b4 Kf7 36. Rf1+ Ke7 37. Re1 Ke6 38. b5 Ba8 39. c6 Kd6 40.
Rxe5 d4 41. Re8 1-0

[Event "NATO Chess Championship 2010"]
[Site "Koege"]
[Date "2010.10.18"]
[Round "1.32"]
[White "Vercauteren, Daniël"]
[Black "Keough, Robert"]
[Result "0-1"]
[WhiteElo "1689"]
[BlackElo "2114"]
[PlyCount "66"]
[EventDate "2010.??.??"]
[WhiteTeam "BEL"]
[BlackTeam "USA"]

1. Nc3 d5 2. e4 d4 3. Nce2 e5 4. Ng3 Be6 5. Nf3 Nd7 6. d3 Bb4+ 7. Bd2 Bxd2+ 8.
Qxd2 f6 9. Be2 Nh6 10. Nh4 Qe7 11. Nhf5 Nxf5 12. Nxf5 Qf7 13. b3 g6 14. Ng3
O-O-O 15. f4 h5 16. f5 gxf5 17. exf5 Bd5 18. Ne4 Kb8 19. Bf3 h4 20. h3 Qe7 21.
b4 Bxe4 22. Bxe4 Nb6 23. c4 dxc3 24. Qxc3 Nd5 25. Bxd5 Rxd5 26. O-O Rhd8 27.
Rf3 Qd6 28. Rd1 e4 29. Re3 Rxd3 30. Rexd3 exd3 31. Rd2 a6 32. a3 Qg3 33. Qxf6
Re8 0-1

[Event "NATO Chess Championship 2010"]
[Site "Koege"]
[Date "2010.10.18"]
[Round "1.33"]
[White "Kiss, József István"]
[Black "Bellemare, Regis"]
[Result "1-0"]
[WhiteElo "2105"]
[BlackElo "1637"]
[PlyCount "47"]
[EventDate "2010.??.??"]
[WhiteTeam "HUN"]
[BlackTeam "CAN"]

1. e4 c5 2. Nf3 g6 3. d4 Bg7 4. Nc3 cxd4 5. Nxd4 d6 6. Be3 Nf6 7. f3 O-O 8. Qd2
Nbd7 9. O-O-O a6 10. h4 Qc7 11. Bh6 Ne5 12. Bxg7 Kxg7 13. h5 Nxh5 14. Nd5 Qd8
15. g4 Nxg4 16. fxg4 Bxg4 17. Be2 Bxe2 18. Qxe2 Ng3 19. Nf5+ Nxf5 20. exf5 Re8
21. Qe3 Rh8 22. Qh6+ Kg8 23. Rde1 e5 24. f6 1-0

[Event "NATO Chess Championship 2010"]
[Site "Koege"]
[Date "2010.10.18"]
[Round "1.34"]
[White "Galloway, James"]
[Black "Franck, Boris"]
[Result "0-1"]
[WhiteElo "1624"]
[BlackElo "2105"]
[PlyCount "100"]
[EventDate "2010.??.??"]
[WhiteTeam "NATO"]
[BlackTeam "FRA"]

1. d4 g6 2. c3 Bg7 3. Nf3 d6 4. Bg5 c6 5. Nbd2 Bg4 6. h3 Bxf3 7. Nxf3 Nf6 8.
Bxf6 Bxf6 9. e3 O-O 10. Bd3 Nd7 11. O-O e5 12. e4 exd4 13. Nxd4 Qb6 14. Nb3 Ne5
15. Be2 Rad8 16. Qc2 d5 17. exd5 Rxd5 18. Rad1 Rfd8 19. Rxd5 Rxd5 20. Rd1 Qd8
21. Rxd5 Qxd5 22. Qd2 Qe4 23. Qd1 b6 24. Nd2 Qd5 25. a3 Nd3 26. Qc2 Ne1 27. Qe4
Qxd2 28. Qe8+ Kg7 29. Bc4 Kh6 30. Qxf7 Qg5 31. g3 Nf3+ 32. Kg2 Nd2 33. Be2 Qd5+
34. Qxd5 cxd5 35. f4 Nc4 36. Bxc4 dxc4 37. Kf3 b5 38. g4 Be7 39. Ke4 Kg7 40.
Kd5 a5 41. Kc6 b4 42. axb4 axb4 43. Kb5 bxc3 44. bxc3 Kf6 45. Kxc4 Bd6 46. Kd4
Bxf4 47. Ke4 Bc7 48. c4 Kg5 49. Kf3 Kh4 50. Kg2 Bd6 0-1

[Event "NATO Chess Championship 2010"]
[Site "Koege"]
[Date "2010.10.18"]
[Round "1.35"]
[White "Kedzierski, Slawomir"]
[Black "Stone, Stephen"]
[Result "1-0"]
[WhiteElo "2102"]
[BlackElo "1600"]
[PlyCount "75"]
[EventDate "2010.??.??"]
[WhiteTeam "NATO"]
[BlackTeam "CAN"]

1. e4 {[%emt 0:00:00]} g6 2. d4 Bg7 3. c4 d6 4. Nc3 Nf6 5. Nf3 c5 6. Be2 cxd4
7. Nxd4 O-O 8. O-O b6 9. Be3 Bb7 10. f3 Nbd7 11. Rc1 Rc8 12. Qd2 Re8 13. Rfd1
Ne5 14. Nd5 Qd7 15. Bg5 Nxd5 16. cxd5 a6 17. Qb4 Qd8 18. Be3 Nd7 19. Qa3 b5 20.
Qb4 Rxc1 21. Rxc1 Qa8 22. Nc6 Ne5 23. Na5 Rc8 24. Rxc8+ Qxc8 25. a4 bxa4 26.
Qxb7 Qc2 27. Qb8+ Bf8 28. Bf1 a3 29. bxa3 Qc3 30. Bb6 Qxa3 31. Qc7 Qa4 32. Nc6
Qd1 33. Bd4 Qe1 34. Nxe5 dxe5 35. Qxe5 f6 36. Qe6+ Kg7 37. d6 exd6 38. Bxf6+
1-0

[Event "NATO Chess Championship 2010"]
[Site "Koege"]
[Date "2010.10.18"]
[Round "1.36"]
[White "Ghiacy, Jelani"]
[Black "Baudin, Frédéric"]
[Result "0-1"]
[WhiteElo "1517"]
[BlackElo "2096"]
[PlyCount "52"]
[EventDate "2010.??.??"]
[WhiteTeam "CAN"]
[BlackTeam "FRA"]

1. d4 d5 2. Nf3 Nc6 3. e3 Bg4 4. h3 Bxf3 5. Qxf3 e5 6. Bb5 e4 7. Bxc6+ bxc6 8.
Qe2 Bd6 9. Qa6 Ne7 10. a3 O-O 11. Nc3 f5 12. b3 f4 13. Na4 Qe8 14. Nc5 Qg6 15.
Rg1 Kh8 16. Qf1 fxe3 17. Bxe3 Nf5 18. Kd2 a5 19. g3 Nxe3 20. Kxe3 Rf3+ 21. Ke2
Bxc5 22. dxc5 Raf8 23. Rg2 e3 24. Kd1 Rxf2 25. Rxf2 Rxf2 26. Qe1 Qxc2# 0-1

[Event "NATO Chess Championship 2010"]
[Site "Koege"]
[Date "2010.10.18"]
[Round "1.37"]
[White "Toll, Alec"]
[Black "Geerts, Luc"]
[Result "0-1"]
[WhiteElo "2095"]
[BlackElo "1514"]
[PlyCount "70"]
[EventDate "2010.??.??"]
[WhiteTeam "UK"]
[BlackTeam "BEL"]

1. d4 d5 2. Bg5 Nf6 3. Nc3 e6 4. Qd2 Be7 5. O-O-O b6 6. Bxf6 Bxf6 7. e4 c6 8.
e5 Be7 9. f4 a5 10. Nf3 b5 11. Bd3 Na6 12. g4 Nb4 13. Be2 Bd7 14. Rdf1 Qb6 15.
Kb1 g6 16. Nd1 c5 17. Ne3 c4 18. f5 Nc6 19. h4 b4 20. h5 g5 21. h6 a4 22. f6
Bf8 23. Rd1 b3 24. Bxc4 dxc4 25. Nxc4 bxa2+ 26. Ka1 Qb5 27. d5 Qxc4 28. dxc6
Bxc6 29. Rhf1 Bd5 30. Nd4 Bb4 31. c3 Ba5 32. Nc2 Rb8 33. Ne3 Rxb2 34. Kxb2 Qb3+
35. Ka1 Bxc3+ 0-1

[Event "NATO Chess Championship 2010"]
[Site "Koege"]
[Date "2010.10.18"]
[Round "1.38"]
[White "Murray, Brian"]
[Black "Ledoux, Jean-Luc"]
[Result "0-1"]
[WhiteElo "1466"]
[BlackElo "2084"]
[PlyCount "66"]
[EventDate "2010.??.??"]
[WhiteTeam "CAN"]
[BlackTeam "FRA"]

1. e4 c6 2. Nf3 d5 3. d3 dxe4 4. dxe4 Qxd1+ 5. Kxd1 Bg4 6. Be2 Nd7 7. Be3 O-O-O
8. Bxa7 Ndf6+ 9. Nfd2 e6 10. Bb6 Rd7 11. f3 Bh5 12. Bd3 g5 13. g4 Bg6 14. Nc3
h5 15. Nc4 hxg4 16. Ne5 gxf3 17. Nxd7 Nxd7 18. Bd4 e5 19. Bf2 g4 20. Bf1 Ngf6
21. h4 Nxe4 22. Nxe4 Bxe4 23. Bd3 Bxd3 24. cxd3 f5 25. d4 e4 26. Bg3 Bh6 27.
Ke1 f4 28. Bf2 e3 29. Rc1 Nf6 30. Rg1 exf2+ 31. Kxf2 Ne4+ 32. Kf1 g3 33. Rc2
Rd8 0-1